| 000 | 00720cam a2200229 4500 | ||
|---|---|---|---|
| 001 | M91555 | ||
| 008 | 090401t1998 xxu||||| |||| 00| 0 eng d | ||
| 035 | _a(Sirsi) u99389 | ||
| 041 | _aeng | ||
| 110 |
_aRoyal Institution of Chartered Surveyors _94900 |
||
| 245 | 4 | _aThe competitiveness of the construction industry. | |
| 260 |
_aLondon _bRICS _c1998 |
||
| 300 | _a3p. ; 30cm. | ||
| 350 | _a0 | ||
| 490 |
_aRICS Policy Unit Submission _vPU/SUB/024 |
||
| 520 | _aResponse to Commission Paper COM(97)539 final. Available on the Internet at http://www.rics.org.uk/parliament/ | ||
| 650 | _aCOMPETITIVENESS | ||
| 650 | _aCONSTRUCTION INDUSTRY | ||
| 690 | _aBUILT ENVIRONMENT | ||
| 942 | _n0 | ||
| 948 | _c07/05/1998 | ||
| 999 |
_c99298 _d99298 |
||